1919 1667 1321 1338 1173 1166 1663 1345 1089 1831 1460 1838 1938 1254 1850 1492 1017 1548 1304 1095 1894 1972 1951 1873 1393 1179 1361 1960 1074 1173 1785 1693 1823 1141 1126 1604 1498 1576 1892 1487 1152 1137 1683 1812 1310 1682 1649 1897 1614 1599 1275 1760 1778 1220 1785 1954 1374 1450 1188 1815 1246 1594 1870 1367 1529 1224 1169 1576 1320 1616 1504 1041 1660 1934 1753 1347 1244 1894 1431 1598 1227 1764 1807 1343 1136 1232 1528 1517 1766 1036 1199 1517 1324 1558 1672 1716 1978 1294 1820 BCNSPRNW ULIB Ver.6.0+V

เปลี่ยนเป็นภาษาไทย

Change to English
 แสดงรายละเอียดบรรณานุกรม
  กลับหน้าหลัก

Brief Record : Get Marc (ISO 2709) : E-mail record : QR code < ปิดหน้าต่าง
LEADER : 00000nam 2200000uu 4500
001    13399114474
003     ULIB
008    120404s2552||||th 000 0 tha d
020    ^a9786165350112
090    ^aนว.^bอ113ส 2552
100 0  ^aองค์หญิงยิ้มหวาน
245 00 ^aDangerous Guy สัญญาณรักอันตรายนายวายร้ายมาดนิ่ง/^cองค์หญิงยิ้มหวาน
250    ^aพิมพ์ครั้งที่ 1
260    ^aกรุงเทพฯ :^bSugar Rain,^c2552
300    ^a240 หน้า
710 1  ^aSugar Rain
945    ^p159^l0^i16305
995    ^aกัณชพร
999    ^aใช้งานได้ทุกระบบ
รายการนี้ยังไม่มีแท็ก
คุณยังไม่ได้ล็อกอิน คุณสามารถมีกิจกรรมร่วมกับเว็บไซต์ได้ แต่ต้องล็อกอินก่อน ::
  ล็อกอิน

รายการสื่อสารสนเทศ

ลำดับที่ ประเภท เลขเรียก/บาร์โค้ด สถานที่ สถานะ
1. นวนิยาย
นวนิยาย
นว. อ113ส 2552  
  Barcode: 16305
ห้องสมุดวิทยาเขตสวรรค์ประชารักษ์
►นวนิยาย
บนชั้น
  ขอยืม

BibComment


ยังไม่เคยถูกคอมเมนท์

คอมเมนท์ทรัพยากรรายการนี้
  คอมเมนท์: Dangerous Guy สั..


 Copyright 2026. Bcnsprnw @Library